000 00453nam a22001697a 4500
003 NUST - PNEC
005 20170116181119.0
008 151004b xxu||||| |||| 00| 0 eng d
020 _a9694072778
040 _cLIBRARY
082 _a954.9105 AZA
100 _913366
_aAzam, K. M.
245 _aPakistan : economy, politics, philosophy and religion
_cK. M. Azam
260 _cc.2002
650 _913368
_aPakistan
_xGeneral books
942 _2ddc
_cBK
999 _c69473
_d69473